Основы теории надежности: учебник и практикум для академического бакалавриата

Bibliographic Details
Main Author: Тимошенков С. П. Сергей Петрович
Corporate Author: Национальный исследовательский университет Московский государственный институт электронной техники (МИЭТ)
Other Authors: Симонов Б. М. Борис Михайлович, Горошко В. Н. Владимир Николаевич
Summary:Изложены теоретические основы надежности изделий, в том числе технологические и системные методы обеспечения надежности с учетом теоретико-экспериментальных подходов к ее оценке. Рассмотрены общие и специальные модели оценки надежности, их взаимосвязь с показателями качества, методы анализа эмпирических функций распределения, а также концепту­альная аксиоматическая теория надежности (АТН). Приводятся примеры оценки надежности, в основном с использованием конкретных изделий микро- и наноэлектроники и их элементов, в том числе для оценки структур­ной надежности с учетом физико-химической природы механизмов отказов.Учебник содержит большое количество практических примеров, вопросы и задания для самостоятельной работы.Содержание учебника соответствует актуальным требованиям Федераль­ного государственного образовательного стандарта высшего образования.Для студентов, обучающихся по техническим, а также психологическим и экономическим специальностям, и специалистов по теории и практике надежности.
Language:Russian
Published: Москва, Юрайт, 2015
Series:Бакалавр. Академический курс
Subjects:
Format: Book
KOHA link:https://koha.lib.tpu.ru/cgi-bin/koha/opac-detail.pl?biblionumber=291463

MARC

LEADER 00000nam0a2200000 4500
001 291463
005 20231102000406.0
010 |a 9785991642125 
035 |a (RuTPU)RU\TPU\book\316032 
090 |a 291463 
100 |a 20150414d2015 m y0rusy50 ca 
101 0 |a rus 
102 |a RU 
105 |a a j 001zy 
200 1 |a Основы теории надежности  |e учебник и практикум для академического бакалавриата  |f С. П. Тимошенков, Б. М. Симонов, В. Н. Горошко  |g Национальный исследовательский университет Московский государственный институт электронной техники (МИЭТ) 
210 |a Москва  |c Юрайт  |d 2015 
215 |a 446 с.  |c ил. 
225 1 |a Бакалавр. Академический курс 
320 |a Библиогр.: с. 335-339. 
320 |a Глоссарий: с. 340-346. 
330 |a Изложены теоретические основы надежности изделий, в том числе технологические и системные методы обеспечения надежности с учетом теоретико-экспериментальных подходов к ее оценке. Рассмотрены общие и специальные модели оценки надежности, их взаимосвязь с показателями качества, методы анализа эмпирических функций распределения, а также концепту­альная аксиоматическая теория надежности (АТН). Приводятся примеры оценки надежности, в основном с использованием конкретных изделий микро- и наноэлектроники и их элементов, в том числе для оценки структур­ной надежности с учетом физико-химической природы механизмов отказов.Учебник содержит большое количество практических примеров, вопросы и задания для самостоятельной работы.Содержание учебника соответствует актуальным требованиям Федераль­ного государственного образовательного стандарта высшего образования.Для студентов, обучающихся по техническим, а также психологическим и экономическим специальностям, и специалистов по теории и практике надежности. 
606 1 |a Надежность  |x Теория  |2 stltpush  |3 (RuTPU)RU\TPU\subj\44771  |9 64051 
610 1 |a история 
610 1 |a показатели 
610 1 |a качество 
610 1 |a оценка 
610 1 |a модели 
610 1 |a структурная надежность 
610 1 |a расчет 
610 1 |a распределение 
610 1 |a эмпирические функции 
610 1 |a анализ 
610 1 |a ускоренные испытания 
610 1 |a контроль 
610 1 |a концептуальная аксиоматическая теория 
610 1 |a учебники 
675 |a 62-192(075.8)  |v 4 
700 1 |a Тимошенков  |b С. П.  |g Сергей Петрович 
701 1 |a Симонов  |b Б. М.  |g Борис Михайлович 
701 1 |a Горошко  |b В. Н.  |g Владимир Николаевич 
712 0 2 |a Национальный исследовательский университет Московский государственный институт электронной техники (МИЭТ)  |c (2010- )  |2 stltpush  |3 (RuTPU)RU\TPU\col\17862 
801 1 |a RU  |b 63413507  |c 20150414 
801 2 |a RU  |b 63413507  |c 20150618  |g RCR 
900 |a Теория надежности 
942 |c BK 
951 |l 8.1 
959 |a 6/20150130  |d 5  |e 649,00  |f ЧЗТЛ:1  |f УФ:4